| 000 | 01343 a2200253 4500 | ||
|---|---|---|---|
| 003 | Nust | ||
| 005 | 20220801140443.0 | ||
| 010 | _a 98008669 | ||
| 020 | _a0585254508 (electronic bk.) | ||
| 020 | _a0750305096 (alk. paper) | ||
| 040 | _cNust | ||
| 082 | 0 | 0 | _a530.0922,ANT |
| 100 | 1 |
_aPorter, Neil A. _996061 |
|
| 245 | 1 | 0 |
_aPhysicists in conflict / _cNeil A. Porter. |
| 260 |
_aBristol ; _aPhiladelphia : _bInstitute of Physics Pub., _cc1998. |
||
| 300 |
_axv, 275 p. : _bill. ; _c24 cm. |
||
| 505 | _aIntroduction (Page-1), Religion Rampant (Page-8), Galieo and the Inquisition (Page-35), Kepler (Page-59), Internal Conflict The Atomic Theory and Positivist Philosophy (Page-76), N-Rays (Page-98), Einstein and the Copenhagen School (Page-106), Oppwnheimer and the AEC (Page -125), Blackett, Cherwell, Tizard (Page-152), The Big Bang Versus Continuous Creation (Page- 170), Multiple Versus Plural Particle and Photon Production (Page-185), Missing Magnetic Monopoles (Page-197), Conclusions (Page-201). | ||
| 650 | 0 |
_aCommunication in science. _996062 |
|
| 650 | 0 |
_aConflict (Psychology) _937573 |
|
| 650 | 0 |
_aPhysicists. _996063 |
|
| 856 | 4 | 1 |
_3Publisher description _uhttp://www.loc.gov/catdir/enhancements/fy0668/98008669-d.html |
| 856 | 4 | 1 | _uhttp://www.netLibrary.com/urlapi.asp?action=summary&v=1&bookid=27524 |
| 942 |
_cREF _2ddc |
||
| 999 |
_c175426 _d175426 |
||